| 000 | 00914nam a2200289Ia 4500 | ||
|---|---|---|---|
| 001 | Para_5917 | ||
| 003 | CHAP | ||
| 008 | 220125s1954 xx 000 0 und d | ||
| 010 | _a204378 | ||
| 040 | _cCHAP | ||
| 090 | _aPA TESIS 214 | ||
| 100 |
_aMurillo Bravo, Gregorio _979748 |
||
| 245 |
_aPlagas que atacan al fruto del tomate en el Valle del Río Sinaloa y su control / _c por Gregorio Murillo Bravo |
||
| 260 | _aGuasave, Sin. | ||
| 300 | _a30 h. | ||
| 502 | _aTesis (Ing. Agr. Esp. en Parasitología Agrícola) ENA. Departamento Parasitología Agrícola | ||
| 650 |
_aTomate _x plagas _9113748 |
||
| 650 |
_aTomate _x Sinaloa _9113766 |
||
| 710 |
_aENA. Departamento Parasitología Agrícola _9164684 |
||
| 901 | _aPA TESIS 214 | ||
| 902 | _aA | ||
| 905 | _a0000001954 0000000000 00 | ||
| 910 | _a1954 | ||
| 942 | _cPARA | ||
| 942 |
_cPARA _d1 |
||
| 999 |
_c204378 _d204378 |
||